MDQL
is popping MORE tags! Check the
thread
!
Quizzes
Events
Quiz Creation
Community
Videos
Private Events
Remove Ads
Sign In
Join for FREE
Feedback
Dark Mode
Quiz Categories
Sports
Geography
Music
Movies
Television
Just For Fun
Miscellaneous
History
Literature
Language
Science
Gaming
Entertainment
Religion
Holiday
For Kids
Quiz Lab
Recent
Popular Today
Quiz Kudos Today
Editor Picks
Curator Picks
Quizzes by...
Day
Popularity
Type
Ratings
Length
Year
Community
Subscriptions
Recent Discussions
Orange Saloon
Badges
Playlists
Quests
Create
Leaderboards
Showdown
Live 5
Trivia Bingo
Activity
Puzzle Library
Sporcle Events
Private Events
Virtual Trivia
Globe League
Become a Host
Pub Owners
SporcleCon
Opinionation
Our Games
Videos
Blog
Mobile Apps
Partnerships
Remove Ads and Go Orange
Feedback
Sports
Athletes
MLB
NBA
NHL
NFL
Soccer
Sports Teams
WWE
NCAA
Football
Premier League
Basketball
Baseball
Hockey
Golf
Tennis
Cricket
Rugby
Auto Racing
Olympics
World Cup
Sports
Athletes
MLB
NBA
NHL
NFL
Soccer
Sports Teams
WWE
NCAA
Football
Premier League
Basketball
Baseball
Hockey
Golf
Tennis
Cricket
Rugby
Auto Racing
Olympics
World Cup
Random Quiz
Search Sporcle
×
Quiz Lab
Quiz Lab
Sports
MLB
Type in answers that appear in a list
Type in answers that appear in a list
Classic
Best Score? Go Orange.
MLB - CYA Winners Active in 2008 Stats
Can you name the MLB Cy Young Award Winners that were active players in the 2008 season?
By
jaysee
6m
23 Questions
220 Plays
220 Plays
220 Plays
Comments
Comments
Give Quiz Kudos
Give Quiz Kudos
-
- Ratings
hide this ad
More Info
Replay
Link that replays current quiz
Next Quiz
Link to next quiz in quiz playlist
You Got
0%
They Got
Avg Score
86%
Avg Friend Score
Upgrade to see
Score Distribution
Jump to the score distribution portion of the page
Score
0/23
Timer
06:00
0
Plays Today
2008 Team
Player
% Correct
SEA
Felix Hernandez
97.3%
ARZ
Randy Johnson
96.8%
CLE/
MIL
CC Sabathia
96.8%
DET
Justin Verlander
96.4%
ATL
John Smoltz
95.5%
KCR
Zack Greinke
95%
SDP/
LAD
Greg Maddux
94.5%
STL
Chris Carpenter
94.1%
ATL
Tom Glavine
94.1%
SFG
Tim Lincecum
94.1%
TOR
Roy Halladay
93.2%
LAD
Clayton Kershaw
93.2%
2008 Team
Player
% Correct
SDP
Jake Peavy
93.2%
TBR
David Price
92.7%
NYM
Pedro Martinez
91.4%
ARZ
Brandon Webb
89.1%
CLE
Cliff Lee
87.3%
NYM
Johan Santana
80.5%
ARZ
Max Scherzer
71.8%
MIL
Eric Gagne
67.7%
SFG
Barry Zito
65.9%
BOS
Bartolo Colon
61.4%
SEA
R.A. Dickey
56.8%
Quiz Playlist
Details
Report
Send in Message
Add To Playlist
More Info:
In 2008, there were 23 active MLB players who would win a Cy Young Award at some point in their career. Teams listed are for the 2008 season.
Classic:
Type in answers that appear in a list
Last Updated: Apr 19, 2019
Quiz Scoreboard
CHALLENGE
Sign Up to Join the Scoreboard
Show All
Scores
Hide
Comments
May contain spoilers
Recently Published
Holiday 10x10 Sorting Gallery
by lukepisani3
Holiday
15m
Two Season TV Shows II
by 123Four
Television
10m
Image Sorting: Flags VI
by Barbecue
Geography
2m
More to Explore
Quiz From the Vault
Featured Blog Post
14 Easter Pick-up Lines to Find Eggs With
hide this ad
You Might Also Like...
Tags
Baseball Quiz
MLB Quiz
2008
Cy Young
Today's Top Quizzes in Sports
Browse Sports
hide this ad
Today's Top Quizzes in MLB
Browse MLB
Top Contributed Quizzes in Sports
1
Les meilleurs buteurs des matchs entre le PSG et l’OM
2
Les entraîneurs de l'OM et du PSG au 21e siècle
3
2022 World Cup Stars
4
Les joueurs passés par le PSG et l'OM
5
Players with Multiple 50 Home Run Seasons
6
FIFA Club World Cup Champions
7
Top 10 NHL Goal Scorers of All Time
8
Les joueurs passés par le LOSC et le RC Lens
9
Criteria MLB: Left Handed Sluggers
10
2023 MLB Unique Player Accomplishments
Explore More
Trending Topics
Crossword
Marvel
Kpop
Harry Potter
Anime
NBA
Disney
The Office
NFL
WWE
Puzzle
Country
Soccer
Song
Pokémon
hide this ad
More By:
jaysee
Quiz
Plays
Rating
Category
Featured
Created
NBA All-Stars by Current Team
969,000
4.20
Sports
Feb 2, 2011
MLB Most Seasons with 20+ HR
57,097
4.50
Sports
Oct 8, 2013
Three-Word Bands Slot Machine III
37,065
4.32
Music
Nov 29, 2010
MLB - Opening Day All-Star Lineups
14,066
4.81
Sports
Dec 3, 2013
NFL - Top 5 Career Rushing Yards Per Draft
12,842
4.76
Sports
Nov 2, 2012
Go to Creator's Profile
Score Distribution
Quiz Creator Spotlight
jaysee
Follow
Send a Message
Quizzes Created
-
Created Quiz Play Count
-
More By This Creator
Popular Quizzes Today
1
Find the US States - No Outlines Minefield
2
Colored Red Africa Blitz
3
Find the 'City' Movie
4
The Countries of the World
5
5x2 Blitz: Bands
6
Find the Countries of Europe - No Outlines Minefield
7
Find the US States
8
US States
More Sports Quizzes
Top Scorer for Every NBA Team From 2013-2022
Quiz Lab
Trending Quizzes
Colored Red Europe Blitz I
Colored Red Europe Blitz II
Colored Red Africa Blitz II
Even More Two Season TV Shows
Colored Red Africa Blitz III
Recently Updated
Odd Team Out - Big 4 Players
pecheneg
Quick Pick: 20 Twenties
pecheneg
March Madness Men's Triple Doubles
pecheneg
How Do You Spell That?
pecheneg
Godzilla Movies
pecheneg
Grab Bag: 4-10 Letters
pecheneg
2024 March Madness Bracket
pecheneg
Famous TV Couples
Peacemaker
Champions League XIs: Real Madrid
pecheneg
Largest US Cities 1790-2010
pecheneg
Trending Topics
Harry Potter
Kpop
Crossword
NBA
Disney
Anime
Marvel
Puzzle
Pokémon
WWE
NFL
Country
Song
The Office
Soccer
Your Account Isn't Verified!
In order to create a playlist on Sporcle, you need to verify the email address you used during registration. Go to your
Sporcle Settings
to finish the process.
Report this User
Report this user for behavior that violates our
Community Guidelines
.
Details:
Send Report
Go to the Sporcle.com Mobile Site →
Comments